[Event "IMSA Rapid Women 2019"]
[Site "Hengshui"]
[Date "2019.05.15"]
[Round "6.11"]
[White "Muzychuk, Mariya"]
[Black "Kosteniuk, Alexandra"]
[Result "0-1"]
[WhiteElo "2563"]
[BlackElo "2546"]
[Annotator "TA"]
[PlyCount "86"]
[EventDate "2019.05.14"]
[EventType "rapid"]
[EventCountry "CHN"]
[SourceTitle "playchess.com"]
[Source "ChessBase"]
[SourceQuality "1"]

{[%evp 15,85,45,58,47,69,49,58,58,68,66,58,35,86,50,83,83,83,86,91,76,94,75,133,143,154,163,148,130,134,145,141,141,169,151,151,170,190,182,166,2,287,321,318,122,168,168,264,255,889,44,60,27,73,81,81,77,469,333,195,18,18,18,18,0,31,0,0,-33,-35,-29992,-29993,-29999]} 1. d4 Nf6 2. Bg5 d5 3. Nf3 c5 4. e3 Nc6 5. c3 e6 6. Nbd2 cxd4 7. exd4 Be7 8. Bd3 O-O 9. O-O {D03: 1 d4 d5 2 Nf3 Nf6 3 Bg5, including Torre Attack with early ...d5} (9. Qe2 a6 10. O-O b5 11. Nb3 h6 12. Bxf6 Bxf6 13. Nc5 Qd6 14. a4 bxa4 15. Nxa4 Bd8 16. Rfe1 Bc7 {1-0 (62) Stefanova,A (2502)-Dembo,Y (2464) Kusadasi 2006}) 9... a6 10. h3 b5 11. b4 {White is slightly better.} Qc7 $146 ({Predecessor:} 11... Bb7 12. Nb3 h6 13. Bh4 Nd7 14. Bxe7 Qxe7 {1-0 (58) Chanturia,A (1542)-Tribushna,H (1797) Batumi 2014}) 12. a4 bxa4 13. Rxa4 Bb7 (13... Bd7 $14) 14. Qa1 e5 15. dxe5 ({Much worse is} 15. Bxa6 $6 Rxa6 16. Rxa6 Bxa6 $11) 15... Nxe5 16. Nxe5 Qxe5 17. Nf3 Qc7 18. Re1 Rfe8 (18... d4 $142) 19. Bxa6 $16 Rxa6 20. Rxa6 Bxa6 21. Bxf6 gxf6 22. Qxa6 Qxc3 23. b5 Kf8 24. b6 Bd6 25. Rb1 $1 Qc2 26. Qb5 Bc5 27. b7 $2 (27. Rf1 $18) 27... Qxf2+ $2 {[%mdl 8192]} (27... Bxf2+ $11 28. Kh1 Bg3) 28. Kh1 $18 Ba7 29. Qxd5 $2 (29. Rc1 $18 {has better winning chances.} Qe2 30. Qxe2 {[%mdl 64] Overworked Piece} (30. Qxd5 Bb8 $18) 30... Rxe2 31. Rc8+ Ke7 32. Ra8) 29... Bb8 {[#]} 30. Qf5 $1 {[%cal Rf5c8] Threatens to win with Qc8.} Kg7 (30... Qg3 {might work better.} 31. Qxf6 Re2) 31. Qg4+ Kf8 $2 (31... Kh6 32. Qd4 Qxd4 33. Nxd4 Kg5) 32. Qd4 $2 (32. Qc8 $1 $18) 32... Qc2 $1 $14 {[%cal Rc2b1]} 33. Qb2 Qd3 34. Rc1 Kg7 35. Qd4 Qb3 $2 {[%mdl 8192]} (35... Qf5 $16 {is tougher.}) 36. Qg4+ Kf8 {[#]} 37. Nd4 $2 (37. Qd7 $1 $18 {Hoping for Rc8!} Qe6 38. Qc8) 37... Qc3 $11 38. Qd1 $36 {[%mdl 2048] Black is under pressure.} (38. Rxc3 $2 {leads to mate.} Re1#) 38... Qg3 {[%csl Gb8][%cal Rg3h2]} 39. Nf3 {Rc8 is the strong threat.} Re3 40. Rc8+ Kg7 41. Rc4 h5 $1 {( -> ...Rxf3!)} 42. Kg1 $2 {[%mdl 8192] [#]} (42. Rc8 $15) 42... Rxf3 $1 {[%csl Gb8][%cal Rg3h2][%mdl 576] Pin} 43. Rc8 (43. Qxf3 Qe1+) 43... Qh2# {Accuracy: White = 35%, Black = 29%.} 0-1

[Event "IMSA Rapid Women 2019"]
[Site "Hengshui"]
[Date "2019.05.15"]
[Round "6.12"]
[White "Harika, Dronavalli"]
[Black "Lei, Tingjie"]
[Result "1/2-1/2"]
[WhiteElo "2492"]
[BlackElo "2507"]
[Annotator "TA"]
[PlyCount "133"]
[EventDate "2019.05.14"]
[EventType "rapid"]
[EventCountry "CHN"]
[SourceTitle "playchess.com"]
[Source "ChessBase"]
[SourceQuality "1"]

{[%evp 15,133,0,0,0,0,0,0,0,0,0,0,7,2,0,0,0,17,0,19,14,39,40,37,31,32,28,87,73,78,74,108,86,100,89,125,92,95,74,112,39,35,44,44,37,59,51,52,52,58,54,58,25,39,25,25,25,59,59,59,59,59,59,60,59,60,60,60,60,60,59,59,59,59,59,59,59,59,59,59,59,59,59,59,0,59,59,59,0,59,0,59,0,59,0,59,59,59,59,59,59,59,59,59,59,59,43,43,43,43,43,43,43,43,43,43,0,43,0,43,0]} 1. e4 e5 2. Nf3 Nc6 3. Bc4 Bc5 4. c3 Nf6 5. d4 exd4 6. e5 d5 7. Bb5 Ne4 8. cxd4 Bb6 9. Nc3 {C54: Giuoco Piano: 4 c3 Nf6, main lines with 5 d4 and 5 d3} Bg4 $146 ({Predecessor:} 9... O-O 10. Be3 Bg4 11. h3 Bh5 {½-½ (85) Kovalev,V (2639)-Malakhov,V (2686) Riadh 2017}) 10. h3 Bh5 11. Qc2 {The position is equal.} O-O 12. Be3 Bg6 {[#] aiming for ...Nxc3.} 13. Qb3 Ne7 14. O-O c6 {And now ...Nxc3 would win.} 15. Bd3 Nd2 16. Nxd2 Bxd3 17. Rfe1 Nf5 18. Na4 Ba6 19. Nxb6 axb6 20. Nf3 f6 (20... Re8 $11 {remains equal.}) 21. exf6 $16 Qxf6 22. Qxb6 Bd3 {[#] Threatens to win with ...Be4.} 23. Bg5 Qg6 {White must now prevent ...Be4.} 24. Qb3 ({Wrong is} 24. Qxb7 $2 Be4 $19) 24... Bc4 25. Qc3 Nd6 26. Be7 {Strongly threatening Ne5.} Ne4 27. Rxe4 (27. Qe3 $16 Rfe8 28. Ne5) 27... Rxf3 $1 $14 28. Re3 Rxe3 29. Qxe3 Re8 30. b3 (30. a4 {seems wilder.} Bd3 31. f3 Bf5 32. Kh2 Bb1 33. Qg5) 30... Bd3 31. Qg5 Qxg5 32. Bxg5 {[%mdl 4096] Endgame KRB-KRB} Re2 33. b4 Rb2 34. Be7 Kf7 35. Bc5 (35. Bd6 {is more complex.} g5 36. a4 h5 37. Re1 Be2 38. a5) 35... Rb1+ 36. Rxb1 Bxb1 {KB-KB} 37. a4 {[%cal Ba2a4,Ba4a5][%mdl 32]} Bc2 38. a5 Bd3 39. f3 h5 40. h4 g6 41. Kf2 Ke6 42. Ke3 Bf1 43. g4 Kf6 44. Bd6 Bc4 45. Be5+ Kf7 46. Bg3 Kf6 47. Bc7 Kf7 48. Bd8 Ke6 49. Bc7 (49. Bb6 $14) 49... Kf6 (49... Kf7 $1 $11) 50. Bb8 Ke6 51. Be5 Kf7 $1 52. Bg3 ({White should try} 52. g5 $14) 52... Ke6 (52... Kf6 $1 $11) 53. Bc7 Kf6 54. Bd8+ Ke6 55. Bg5 Kf7 56. Kf4 Ke6 57. Bd8 Be2 58. Bc7 Bd1 59. Be5 Be2 60. gxh5 gxh5 61. Bb8 Bd1 62. Ba7 Be2 63. Bb6 Kf6 64. Bc5 Bd1 65. Bb6 Ke6 66. Bc5 Kf6 67. Bb6 {Accuracy: White = 60%, Black = 69%.} 1/2-1/2

[Event "IMSA Rapid Women 2019"]
[Site "Hengshui"]
[Date "2019.05.15"]
[Round "6.13"]
[White "Zhao, Xue"]
[Black "Ushenina, Anna"]
[Result "1-0"]
[WhiteElo "2485"]
[BlackElo "2442"]
[Annotator "TA"]
[PlyCount "93"]
[EventDate "2019.05.14"]
[EventType "rapid"]
[EventCountry "CHN"]
[SourceTitle "playchess.com"]
[Source "ChessBase"]
[SourceQuality "1"]

{[%evp 9,191,20,29,27,27,32,40,29,29,21,22,27,34,25,47,8,8,0,0,-7,0,-6,9,16,11,12,12,14,21,23,37,19,21,30,47,37,107,108,111,111,114,113,113,113,113,108,113,113,108,108,116,117,118,127,138,117,135,126,111,124,135,123,135,135,142,142,156,144,145,138,137,132,132,139,143,132,128,107,132,99,141,0,131,0,121,113,200,116,146,153,138,131,168,110,137,73,91,93,103,100,101,0,98,21,75,69,399,372,372,42,43,12,11,9,328,329,562,560,1314,208,475,469,525,532,519,501,593,508,776,653,666,617,964,695,695,688,677,632,1061,645,684,684,1379,676,675,674,696,671,700,691,658,627,713,708,691,675,653,651,643,615,1289,791,641,604,922,0,0,0,767,634,825,770,1372,1372,1034,937,29979,29980,29995,29996,29996,29997,29997,29998]} 1. d4 d5 2. c4 e6 3. Nc3 a6 4. cxd5 exd5 5. Bf4 (5. Nf3 h6 6. Bf4 Nf6 7. e3 Bd6 8. Bxd6 Qxd6 9. Qc2 O-O 10. Bd3 Re8 11. h3 Be6 12. O-O Nbd7 13. a4 {½-½ (40) Shankland,S (2725)-Carlsen,M (2835) Wijk aan Zee 2019}) 5... c6 6. e3 {D31: Queen's Gambit Declined: Semi-Slav without ...Nf6 (+ Marshall Gambit and Noteboom) and Exchange Variation lines without ...Nf6} Bd6 7. Bxd6 Qxd6 8. Bd3 {White is slightly better.} Ne7 9. Qc2 g6 10. Nf3 O-O 11. O-O Bf5 12. b4 $146 ({Predecessor:} 12. Rfc1 Nd7 {1-0 (48) Riess,A (2180)-Engel,L (2304) Willingen 2017}) 12... Nd7 13. a4 Rfc8 14. Rfc1 Bxd3 15. Qxd3 Rab8 16. b5 axb5 17. axb5 c5 18. dxc5 Nxc5 19. Qd1 Rd8 20. Nd4 Rbc8 21. Nce2 Ne6 22. h3 Qb4 (22... Nxd4 $14 23. Nxd4 Rc4) 23. Ra7 $16 Rxc1 24. Qxc1 Rc8 {[#]} 25. Qa1 $1 {Hoping for Nxe6.} Nd8 26. Ra8 Qc5 27. Nf4 (27. h4 {keeps more tension.} Rxa8 28. Qxa8 Qd6 29. Nf4 Kf8 30. Qa2) 27... Rxa8 28. Qxa8 Qd6 29. g4 h6 30. Kg2 Kf8 31. Qa1 Kg8 32. Qc3 Kh7 33. Kg1 Kg8 34. Nf3 b6 35. Nd4 Qc5 36. Qa1 Kh7 37. Qa8 Qd6 38. Qa7 Kg8 39. Nfe2 Kf8 40. Qa8 Qc7 41. Nf4 Qd6 42. Nd3 Kg7 43. Qa1 {Threatening mate with Ne6+!} Kg8 44. Qc3 Kh7 45. Qa1 Kg8 $1 46. Qa8 Kg7 47. Nb4 {Played: Nd3-e5} 1-0

[Event "IMSA Rapid Women 2019"]
[Site "Hengshui"]
[Date "2019.05.15"]
[Round "6.14"]
[White "Tan, Zhongyi"]
[Black "Krush, Irina"]
[Result "0-1"]
[WhiteElo "2513"]
[BlackElo "2422"]
[Annotator "TA"]
[PlyCount "102"]
[EventDate "2019.05.14"]
[EventType "rapid"]
[EventCountry "CHN"]
[SourceTitle "playchess.com"]
[Source "ChessBase"]
[SourceQuality "1"]

{[%evp 22,102,33,32,37,25,30,27,36,10,23,0,0,-37,-21,-35,-31,-33,-26,-39,0,0,0,0,0,0,15,-64,0,0,0,-25,-7,-7,-7,-7,-6,-8,0,0,0,-39,0,0,0,-7,0,0,0,0,0,-87,0,0,0,0,8,0,0,0,0,-212,-226,-139,-93,-966,-967,-29974,-29975,-29976,-29974,-29971,-29967,-29983,-29984,-29984,-29976,-29985,-29977,-29977,-29978,-29991,-29978]} 1. c4 c5 2. Nf3 Nc6 3. Nc3 g6 4. e3 Nf6 5. d4 cxd4 6. exd4 d5 7. cxd5 Nxd5 8. Qb3 Nxc3 9. Bc4 Nd5 10. Bxd5 e6 11. Bxc6+ bxc6 12. O-O f6 {A35: Symmetrical English: 2 Nc3 Nc6 3 Nf3} (12... Qd5 13. Be3 Be7 14. Rfc1 f6 15. Nd2 Kf7 16. Rc2 a5 17. Qc4 Bb7 18. Nb3 Ba6 19. Qxd5 cxd5 20. Nxa5 {½-½ (32) Giri,A (2771)-So,W (2812) Leuven 2017}) 13. Bd2 Qd5 14. Qe3 {[#]} Kf7 $146 {White has an edge.} ({Predecessor:} 14... Be7 15. Rfc1 O-O 16. b3 a5 17. a4 Bd7 18. Rc4 Rfb8 19. Qc3 Rb7 20. Rb1 {0-1 (85) Sepp,O (2453)-Danin,A (2578) Cappelle-la-Grande 2013}) 15. a3 a5 16. Rac1 g5 17. Bc3 Bd6 {Strongly threatening ...Bf4.} 18. g3 Rg8 {White must now prevent ...Ba6.} 19. Rcd1 Bf4 20. Qd3 Ba6 ({Better is} 20... Rg6 $15 21. Rfe1 (21. gxf4 $2 gxf4+ 22. Qxg6+ hxg6 $19) 21... Bc7) 21. Qxh7+ $11 Rg7 22. Qh5+ Kg8 {[#] Threatens to win with ...Be2.} 23. Rfe1 Bc4 24. Bd2 (24. Nd2 $11 Bxd2 25. Rxd2 (25. Bxd2 Qf5 $15)) 24... g4 (24... Bd3 $15 25. Ne5 (25. Bxf4 Rh7 $17) 25... fxe5 26. Bxf4 Bg6 27. Qxg5 exf4 28. Qxf4 Rf8) 25. Qxd5 Bxd5 26. Nh4 ({Much worse is} 26. gxf4 gxf3+ 27. Kh1 Kf7 $17) 26... Bxd2 27. Rxd2 Rb8 28. Ng2 Rgb7 29. Nf4 Kf7 30. Nxd5 cxd5 {[%mdl 4096] Endgame KRR-KRR} 31. Rc2 Rb6 32. Rc7+ Kg6 33. Ra7 Kf5 34. Rxa5 Rxb2 35. Ra6 e5 36. Rd6 (36. dxe5 $11 fxe5 37. Rh6) 36... R8b5 (36... Rb1 $17 37. Kf1 Rxe1+ 38. Kxe1 exd4 39. Rxd5+ Ke4) 37. dxe5 fxe5 38. Rd8 d4 39. Rf8+ Ke6 40. Re8+ Kd6 41. Rd8+ $2 (41. Re4 $11) 41... Kc7 $19 42. Re8 d3 43. Kf1 $2 {[%mdl 8192] [#]} (43. Rc1+ $17 Rc2 44. Rd1) 43... Rb1 $1 44. R8xe5 d2 {Black mates.} 45. Re7+ Kb6 46. R7e6+ Ka5 47. f3 gxf3 48. h4 dxe1=Q+ 49. Rxe1 Rxe1+ 50. Kxe1 Rb2 51. g4 Rg2 {Accuracy: White = 45%, Black = 55%.} 0-1

[Event "IMSA Rapid Women 2019"]
[Site "Hengshui"]
[Date "2019.05.15"]
[Round "6.15"]
[White "Koneru, Humpy"]
[Black "Paehtz, Elisabeth"]
[Result "1/2-1/2"]
[WhiteElo "2553"]
[BlackElo "2470"]
[Annotator "RC"]
[PlyCount "65"]
[EventDate "2019.05.14"]
[EventType "rapid"]
[EventCountry "CHN"]
[SourceTitle "playchess.com"]
[Source "ChessBase"]
[SourceQuality "1"]
[TimeControl "900+10"]

1. d4 {[%emt 0:00:00]} e6 {[%emt 0:00:00]} 2. c4 {[%emt 0:00:00]} b6 {[%emt 0:00:00]} 3. Nf3 {[%emt 0:00:33]} Bb7 {[%emt 0:00:00]} 4. g3 {[%emt 0:00:19]} Bb4+ {[%emt 0:00:00]} 5. Nbd2 {[%emt 0:00:26]} Bxf3 {[%emt 0:00:38]} 6. exf3 {[%emt 0:00:06]} Nf6 {[%emt 0:00:29]} 7. a3 {[%emt 0:02:04]} Be7 {[%emt 0:00:02]} 8. Bg2 {[%emt 0:01:13]} Nc6 {[%emt 0:00:02]} 9. f4 {[%emt 0:01:06]} Nxd4 {[%emt 0:00:28]} 10. Bxa8 {[%emt 0:00:26]} Qxa8 {[%emt 0:00:02]} 11. O-O {[%emt 0:00:29]} c5 {[%emt 0:00:15]} 12. f3 {[%emt 0:01:40]} h5 {[%emt 0:00:44]} 13. Nb3 {[%emt 0:00:56]} Nf5 {[%emt 0:00:14]} 14. Qe2 {[%emt 0:00:19]} a5 {[%emt 0:02:05]} 15. a4 {[%emt 0:01:53]} g6 {[%emt 0:00:22]} 16. Bd2 {[%emt 0:00:07]} Qa6 {[%emt 0:02:26]} 17. Bc3 {[%emt 0:01:21]} d5 {[%emt 0:00:07]} 18. g4 {[%emt 0:00:43]} hxg4 {[%emt 0:00:55]} 19. fxg4 {[%emt 0:00:01]} Qxc4 {[%emt 0:00:01]} 20. Qxc4 {[%emt 0:00:45]} dxc4 {[%emt 0:00:01]} 21. gxf5 {[%emt 0:01:04]} cxb3 {[%emt 0:00:02]} 22. fxe6 {[%emt 0:00:04]} fxe6 {[%emt 0:00:01]} 23. Rf3 {[%emt 0:00:14]} Rh4 {[%emt 0:02:37]} 24. Be5 {[%emt 0:00:46]} c4 {[%emt 0:00:55]} 25. Rc3 {[%emt 0:01:25]} Bc5+ {[%emt 0:01:10]} 26. Kg2 {[%emt 0:00:03]} Nd5 {[%emt 0:00:01]} 27. Rxc4 {[%emt 0:00:33]} Ne3+ {[%emt 0:00:17]} 28. Kg3 {[%emt 0:00:01]} Nf5+ {[%emt 0:00:37]} 29. Kg2 {[%emt 0:00:05]} Ne3+ {[%emt 0:00:01]} 30. Kg3 {[%emt 0:00:02]} Nf5+ {[%emt 0:00:00]} 31. Kg2 {[%emt 0:00:39]} Ne3+ {[%emt 0:00:46]} 32. Kg3 {[%emt 0:00:01]} Nf5+ {[%emt 0:00:01]} 33. Kg2 {[%emt 0:00:01]} 1/2-1/2

[Event "IMSA Rapid Women 2019"]
[Site "Hengshui"]
[Date "2019.05.15"]
[Round "6.16"]
[White "Khotenashvili, Bela"]
[Black "Bodnaruk, Anastasia"]
[Result "0-1"]
[WhiteElo "2476"]
[BlackElo "2431"]
[Annotator "TA"]
[PlyCount "150"]
[EventDate "2019.05.14"]
[EventType "rapid"]
[EventCountry "CHN"]
[SourceTitle "playchess.com"]
[Source "ChessBase"]
[SourceQuality "1"]

{[%evp 11,150,0,23,25,31,0,0,0,-10,-10,0,-5,0,-16,-8,-8,-12,-4,67,42,89,81,70,85,76,62,191,214,172,161,183,166,163,83,216,128,429,433,479,368,361,388,482,483,472,459,468,462,481,470,545,551,625,617,710,581,644,587,630,626,517,371,422,370,365,355,420,385,485,470,493,316,314,320,422,421,408,396,450,451,488,371,361,310,489,490,482,39,46,0,0,0,0,0,0,0,0,-8,-8,-64,-72,-70,-65,-68,-74,-75,-76,-71,-78,-273,-273,-254,0,-180,-194,-6735,-5110,-29979,-29980,-29972,-29946,-12328,-6091,-29944,-8,-8,0,-29952,-29951,-29964,-6192,-1435,0,-29987,-29988,-29988,-29989,-29989,-29990,-29991,-29992]} 1. Nf3 Nf6 2. g3 g6 3. Bg2 Bg7 4. O-O O-O 5. d4 d6 6. c3 c6 7. a4 {A49: 1 d4 Nf6 2 Nf3 g6 3 g3: Anti-King's Indian systems} (7. Bf4 Bf5 8. Qc1 Bxb1 9. Rxb1 Nbd7 10. Rd1 d5 11. c4 e6 12. b4 b5 13. cxb5 cxb5 14. Bd6 Re8 {½-½ (53) Kozul,Z (2613)-Rakhmanov,A (2667) Tallinn 2016}) 7... Qc7 8. a5 e5 9. dxe5 {The position is equal.} dxe5 10. Nbd2 Rd8 11. Qc2 Na6 12. b4 $146 ({Predecessor:} 12. e4 Nc5 13. b4 Nd3 14. Ba3 c5 15. bxc5 Nxc5 {1-0 (39) Zaragatski,I (2472)-Van Hoeve,A (2198) Belgium 2009}) 12... h6 13. e4 Be6 14. Re1 Rd7 (14... Ne8 $11) 15. Bf1 $1 $14 Rad8 16. Nc4 Ne8 17. Be3 Qb8 18. Red1 f5 (18... Nf6 $14) 19. exf5 $18 Bxf5 20. Qb3 Be6 21. Rxd7 Rxd7 22. Qa4 ({Better is} 22. Re1 $18) 22... Rd5 (22... Rf7 $16) 23. Rd1 (23. Re1 $1 $18) 23... Bg4 $2 {[%mdl 8192]} (23... Nec7 $16 {is more resistant.}) 24. Rxd5 Bxf3 25. Rd7 Nf6 26. Rd6 Qe8 27. Bxa7 Kh7 28. Qc2 Nc7 29. Bb6 Ncd5 30. Rd8 Qe7 31. Rb8 e4 32. Bc5 Qd7 33. Bd4 Qe7 34. Ne5 h5 35. a6 bxa6 36. Nxc6 Qc7 37. b5 axb5 38. Bxb5 h4 39. Be5 Qd7 40. Nd4 Qa7 41. Bf1 Ng4 42. Nc6 Qa1 {Threatens to win with ...e3.} 43. Rb1 Qa8 {And now ...e3 would win.} 44. Bxg7 Kxg7 45. Nd4 e3 46. fxe3 Ndxe3 47. Qb3 Nxf1 (47... Bd5 {keeps fighting.} 48. c4 Bxc4 49. Qb7+ Qxb7 50. Rxb7+ Bf7) 48. Rxf1 ({Weaker is} 48. Kxf1 Qe4 $11) 48... Bd5 49. Qb4 $2 (49. c4 $18 Bf7 50. Qc3) 49... Qe8 $14 {( -> ...Qe3+)} 50. Nc2 (50. Nf5+ $5 gxf5 51. Qd4+ {[%mdl 64] Double Attack} Kg6 52. Qxd5 Qe3+ 53. Kh1 Nf2+ 54. Rxf2 (54. Kg2 h3+ 55. Kg1 Ne4+ 56. Kh1 Nf2+ 57. Kg1 Ne4+ 58. Kh1 Nf2+ 59. Kg1 $11) 54... Qxf2 55. Qg8+ Kf6 56. Qf8+ Kg6 57. Qd6+ Kh5 58. Qd1+ Kh6 59. gxh4 $11) 50... Qe2 $40 {[%csl Gg4][%cal Re2h2][%mdl 192] Double Attack. Black is up to no good.} 51. Qd4+ Kh7 {[%csl Gg4][%cal Re2h2]} 52. Rf2 $1 {[%cal Rf2e2]} Nxf2 53. Qxf2 Qe4 {[%csl Gd5][%cal Re4h1]} 54. Qa7+ Bb7 {[%csl Gb7][%cal Re4g2]} 55. Ne3 (55. Kf1 $11) 55... Qh1+ $1 $15 56. Kf2 Qxh2+ 57. Kf1 Qh1+ 58. Ke2 Qf3+ 59. Kd2 hxg3 {Hoping for ...g2.} 60. Qb8 $2 (60. Qc5 $17 {was worth a try.}) 60... Qf2+ $19 61. Kd3 Qf3 {White must now prevent ...g2.} 62. Kd2 {intending Qc7+.} Be4 $1 63. Qc7+ $2 (63. Qa7+ Kh6 64. Qd4) 63... Kh6 64. Nd1 g2 65. Qh2+ Qh5 66. Qg1 Qd5+ 67. Ke1 Kg7 $2 (67... Qd3 {mates} 68. Ne3 Qxc3+ 69. Kf2 Qd2+ 70. Kg3 Kg5 71. Kh3 Qe2 72. Nxg2 Bxg2+ 73. Kh2 Qh5+ 74. Kxg2 Qg4+ 75. Kf1 Qxg1+ 76. Kxg1 Kg4 77. Kg2 g5 78. Kh2 Kf3 79. Kh3 g4+ 80. Kh2 Kf2 81. Kh1 Kg3 82. Kg1 Kh3 83. Kf2 g3+ 84. Kf1 Kh2 85. Ke2 g2 86. Kd3 Kg3 87. Kc3 g1=Q 88. Kc4 Qb6 89. Kd5 Kf4 90. Kc4 Ke4 91. Kc3 Qc5+ 92. Kd2 Qc4 93. Ke1 Qc2 94. Kf1 Kf3 95. Kg1 Qg2#) 68. Qa7+ $11 Kh6 69. Qe3+ $2 {[%mdl 8192]} (69. Qg1 $11) 69... g5 $1 70. Qg3 Qc4 (70... Bf3 $142 71. Ne3 Qd3 $1 {[%mdl 576] Double Attack} 72. Ng4+ Bxg4 73. Qxd3 g1=Q+ 74. Kd2 Qd1+ 75. Ke3 Qxd3+ 76. Kxd3 Bf5+ 77. Kd4 g4 78. Ke3 Kg5 79. Ke2 Kh4 80. Kf2 g3+ 81. Kf3 Bg4+ 82. Ke3 Bf5 83. Kf4 Bg4 84. Ke3 g2 85. Kf2 Kh3 86. Kg1 Kg3 87. c4 Kf3 88. c5 Bd7 89. c6 Bxc6 90. Kh2 Kf2 91. Kh3 g1=Q 92. Kh4 Bf3 93. Kh3 Qh1#) 71. Qd6+ $19 {[#]} Kg7 $2 ({Black should play} 71... Bg6 $1 $19 72. Qh2+ Bh5 73. Qd6+ Bg6 74. Qh2+ Qh4+ 75. Qxh4+ gxh4) 72. Qe5+ $2 {[%mdl 8192]} (72. Qe7+ $11 Kh6 73. Qf8+ Kh7 74. Qe7+ Kh6 75. Qf8+ Kh7 76. Qe7+ Kg6 77. Qd6+ Kg7 78. Qe7+ Kh8 79. Qf6+ Kh7 80. Qe7+) 72... Kf7 {Black mates.} 73. Qxg5 Qf1+ 74. Kd2 g1=Q {[%csl Gg1][%cal Rf1d1]} 75. Qh5+ Qg6 {Accuracy: White = 42%, Black = 42%.} 0-1

[Event "IMSA Rapid Women 2019"]
[Site "Hengshui"]
[Date "2019.05.15"]
[Round "7.9"]
[White "Gunina, Valentina"]
[Black "Zhao, Xue"]
[Result "0-1"]
[WhiteElo "2506"]
[BlackElo "2485"]
[Annotator "TA"]
[PlyCount "98"]
[EventDate "2019.05.14"]
[EventType "rapid"]
[EventCountry "CHN"]
[SourceTitle "playchess.com"]
[Source "ChessBase"]
[SourceQuality "1"]

{[%evp 10,98,33,33,29,33,35,26,31,18,19,0,0,0,34,41,39,2,31,32,41,0,0,-106,-72,-73,-75,-71,-79,-79,-37,-90,-83,-96,-80,-91,-18,-28,-20,-222,-200,-258,-256,-303,-234,-255,-252,-254,-254,-244,-252,-246,-250,-248,-235,-266,-244,-271,-258,-297,-279,-280,-257,-337,-329,-379,-360,-303,-301,-285,-270,-636,-639,-652,-645,-706,-697,-820,-820,-1273,-1259,-1080,-982,-7043,-6912,-6698,-6919,-5214,-3095,-2060,-1897]} 1. e4 e5 2. Bc4 Nf6 3. Nf3 Nc6 4. d3 Be7 5. O-O d6 6. a4 a5 {C55: Two Knights: 4 d3, 4 d4 exd4 5 e5 and Max Lange Attack} 7. h3 O-O 8. Nc3 (8. Nbd2 Nd7 9. Re1 Nb6 10. Bb3 Kh8 11. c3 f5 12. exf5 Bxf5 13. Nf1 Bg6 14. Ng3 Bf6 15. Ne4 {½-½ (41) Radjabov,T (2756)-Carlsen,M (2845) Shamkir 2019}) 8... Be6 {White has an edge.} 9. Bxe6 $146 ({Predecessor:} 9. Re1 Qc8 10. Bxe6 fxe6 11. d4 exd4 12. Nxd4 Nxd4 13. Qxd4 Nd7 14. f4 d5 15. Kh1 Bc5 16. Qd3 {½-½ (16) Shanava,K (2535)-Panchanathan,M (2556) Pardubice 2011}) 9... fxe6 10. Ne2 Qe8 11. c3 Kh8 12. Qb3 Nd8 13. Ng5 h6 14. Nf3 $1 (14. Nxe6 Qf7 $17) 14... Nh5 15. d4 Qg6 {aiming for ...Rxf3.} 16. Ng3 (16. Nd2 $11 {remains equal.}) 16... Nxg3 17. fxg3 {[#]} exd4 $1 18. cxd4 Qxe4 19. Bf4 Nc6 {[%cal Bd8c6,Bc6d4,Bd4b3][%mdl 32]} 20. Rad1 (20. Rac1 $1 $15 Nxd4 21. Nxd4 Qxd4+ 22. Kh2) 20... Qd5 $36 {[%mdl 2048] White is under strong pressure.} 21. Qc2 Rac8 22. Qd2 Bf6 {[#]} (22... Kg8 $17 23. Rfe1 Nb4) 23. Bxh6 $1 $11 {[%mdl 512]} Nxd4 {[#]} (23... gxh6 24. Qxh6+) 24. Nh2 $2 (24. Bxg7+ $1 $11 {[%mdl 512]} Bxg7 25. Nxd4) 24... Qc4 $19 {...Ne2+ is the strong threat.} 25. Ng4 {And now Rxf6! would win.} Nb3 26. Qe1 Bd4+ 27. Be3 Rxf1+ ({But not} 27... Qxa4 28. Bxd4 Rxf1+ 29. Qxf1 $17) 28. Qxf1 Qxf1+ ({Much less strong is} 28... Qxa4 29. Qf3 $17) 29. Kxf1 Bxe3 ({Worse is} 29... Bxb2 30. Rb1 $16) 30. Nxe3 {[%mdl 4096] Endgame KRN-KRN} Kg8 31. Ke2 Kf7 32. g4 Ke7 33. g5 Rf8 34. g3 d5 35. h4 Nc5 36. Rc1 Kd6 37. Ng4 Nxa4 38. g6 Nc5 39. h5 {If only White now had time for h6....} Ne4 40. Rg1 $2 (40. h6 gxh6 41. Nxh6 Nxg3+ 42. Kd2) 40... Rh8 {Black is clearly winning.} 41. h6 gxh6 42. Ke3 Rg8 43. Nxh6 Rxg6 {[%mdl 64] Double Attack} 44. Rh1 Rxg3+ 45. Ke2 Rb3 46. Nf7+ Ke7 47. Rh7 Rxb2+ 48. Kd3 Nf6 49. Rg7 Kf8 {Accuracy: White = 38%, Black = 72%.} 0-1